000 00600nam a2200229Ia 4500
003 OSt
005 20220924152045.0
006 a|||||r|||| 00| 0
007 ta
008 220923b |||||||| |||| 00| 0 mar d
024 _a340627
037 _cTextual
040 _aARTS
_cARTS
_bmar
041 _2mar
_amar
082 _aO155,2N28,95, L3
100 _aTendulkar Vijaya Au.
_9225701
245 0 _aGhashiram kotwal
260 _c1973
650 _aMARATHI LITERATURE
_938000
942 _hO155,2N28,95, L3
_cTEXL
_2CC
999 _c468564
_d468564